ბათუმის შოთა რუსთაველის სახელმწიფო უნივერსიტეტის ბიბლიოთეკა

ბანკები, ბირჟები და სავალუტო ოპერაციები კაპიტალისტურ ქვეყნებში / (ბიბ.ჩანაწერი № 61902)

000 -ლიდერი
ფიქსირებული სიგრძის საკონტროლო ველი 01285nam a22002057a 4500
003 - საკონტროლო ნომრის იდენტიფიკატორი
საკონტროლო ველი Ge_BSU
005 - ბოლო ოპერაციის თარიღი და დრო
საკონტროლო ველი 20240606114500.0
008 - ფიქსირებული სიგრძის მონაცემთა ელემენტები - ზოგადი ინფორმაცია
ფიქსირებული სიგრძის საკონტროლო ველი 240606s1993 ge ||||| |||| 00| 0 geo d
041 ## - ენის კოდი
Language code of text/sound track or separate title geo
080 ## - უნივერსალური ათობითი კლასიფიკაციის ინდექსი
Universal Decimal Classification number 336.71(1-662) რ-73
100 ## - მთავარი ჩანაწერი - პიროვნების სახელი
Personal name როდე, ერვინ
9 (RLIN) 22337
245 ## - ცნობა სათაურის შესახებ
Title ბანკები, ბირჟები და სავალუტო ოპერაციები კაპიტალისტურ ქვეყნებში /
Statement of responsibility, etc ერვინ როდე; თარგმნა, წინასიტყვაობა დაურთო და რედაქცია გაუკეთა რამაზ ნამიჭეიშვილმა.
264 ## - წარმოების, გამოცემის, დისტრიბუციის და სხვა ცნობები
გამოცემის, წარმოების, დისტრიბუციის... ადგილი ქუთაისი :
გამოცემის, წარმოების, დისტრიბუციის... სახელწოდება სარანგი,
გამოცემის, წარმოების, დისტრიბუციის... თარიღი 1993.
300 ## - ფიზიკური აღწერა
Extent 436 გვ. ;
Other physical details 20 სმ.
653 ## - INDEX TERM--UNCONTROLLED
Uncontrolled term ბანკები კაპიტალისტურ ქვეყნებში
653 ## - INDEX TERM--UNCONTROLLED
Uncontrolled term ბირჟები კაპიტალისტურ ქვეყნებში
653 ## - INDEX TERM--UNCONTROLLED
Uncontrolled term სავალუტო ოპერაციები კაპიტალისტურ ქვეყნებში
700 ## - ADDED ENTRY--PERSONAL NAME
Personal name ნამიჭეიშვილი, რამაზ
Relator term მთარგმნელი
9 (RLIN) 700
942 ## - ADDED ENTRY ELEMENTS (KOHA)
Source of classification or shelving scheme
Koha item type წიგნი
ეგზემპლარები
ჩამოწერის სტატუსი დაკარგული ეგზემპლარის სტატუსი კლასიფიკაციის წყარო ან თაროზე გაწყობის სქემა დაზიანების სტატუსი არ გაიცემა მუდმივი მდებარეობა (დაცვის ადგილი) ამჟამინდელი ადგილსამყოფელი თაროზე განთავსების ადგილი შეძენის თარიღი ღირებულება, შესყიდვის ნორმალური ფასი სრული შენახვის შიფრი შტრიხკოდი ბოლო ოპერაციის თარიღი ეგზემპლარის მიმდევრობითი ნომერი (კეტერი?) ფასის ძალაში შესვლის თარიღი ეგზემპლარის სახეობა საჯარო შენიშვნა
          ბათუმის შოთა რუსთაველის სახელმწიფო უნივერსიტეტის მთავარი ბიბლიოთეკა ბათუმის შოთა რუსთაველის სახელმწიფო უნივერსიტეტის მთავარი ბიბლიოთეკა წიგნსაცავი 2024-06-06 8.00 336.71(1-662) რ-73 65976 2024-06-06 65976 2024-06-06 წიგნი 8 ლ.